000 01088nam a22002417a 4500
005 20240530110904.0
008 220209s2007 ua a b 000 0 ara d
017 _bمصر. دار الكتب
_a2007/11559
040 _aEG-CaGPL
_cEG-CaGPL
082 0 4 _221
_a324.73\
_bم ح
100 0 _aمعتز الفجيرى
245 1 0 _aحرية الاعلام ونزاهة الانتخابات :
_bمجموعة وثائق حول المعايير الدولية والاقليمية /
_cمراجعة وتقديم معتز الفجيرى ؛ ترجمة تامر عبدالوهاب ، عبدالغنى محفوظ ، محمد حرفوش
250 _aط.1
260 _aالقاهرة :
_bمركز القاهرة لدراسات حقوق الانسان ،
_c2007
300 _a94 ص؛
_c22 سم
490 0 _aسلسلة قضايا حركية ؛
_v23
504 _aيشتمل على ارجاعات ببليوجرافية
650 0 7 _2qrmak
_aالانتخابات
650 0 7 _2حرية الراى
651 _2qrmak
942 _2ddc
_cBK
999 _c66191
_d66191